Lady Gaga quiz - Statistics

General Stats
  • This quiz has been taken 29 times
  • The average score is 9 of 15
Answer Stats
Hint Answer % Correct
What was her first hit single? Just Dance
100%
What is Lady Gaga’s third album called? Born This Way
96%
What was the dress she wore during 2010 MTV Music Video Awards made of? Meat/flesh/red meat
96%
Wchich family member is her album Joanne named after? Aunt
93%
Her real first name Stefani
89%
What do her fans call her sometimes? Mother Monster
85%
Wchich famous jazz singer has Lady Gaga collaborated with on two albums? Tony Bennett
78%
Who did Lady Gaga collab with on the song Sour Candy from the album Chromatica? Blackpink
70%
Wchich article of clothing is Lady Gaga most associated with, wchich she has notoriously taken to its extreme? Heels/high heels
56%
What item does she carry around, most notably during her first album era, wchich she mentions in the song LoveGame? Disco Stick
48%
Who did the male vocals on the song Government Hooker? bodyguard/Pete
33%
What is her creative team called? Haus Of Gaga
30%
Who was Lady Gaga supposed to go on tour with, called The Fame Kills, wchich was cancelled (2009-2010) Kanye West
11%
What other famous person attended the same high school as Lady Gaga, that helped to inspire her initial persona from the first album? Paris Hilton
7%
What is her attendance record-breaking, free concert in Brazil’s Copacabana dubbed by fans and media outlets? Gagacabana
0%
No matching quizzes found
Score Distribution
Percent of People with Each Score
Percentile by Number Answered
Your Score History
You have not taken this quiz